banner-ar

FABERGE: LOST AND FOUND / (Record no. 25297)

MARC details
000 -الفاتح
حقل البيانات ثابتة الطول 00476nam a2200181Ia 4500
008 - عناصر البيانات ثابتة الطول - معلومات عامة
حقل البيانات ثابتة الطول 140319s9999 xx 000 0 eng d
040 ## - مصدر الفهرسة
وكالة الفهرسة الأصلية GCL /
وكالة النسخ GCL
082 04 - رقم تصنيف ديوى العشرى
رقم التصنيف 739.27
رقم المادة S F
100 1# - المدخل الرئيسى - إسم شخصى
الإسم الشخصى SNOWMAN, KENNETH
245 10 - بيان العنوان
العنوان FABERGE: LOST AND FOUND /
بيان المسئوليه,etc SNOWMAN, KENNETH
260 ## - PUBLICATION, DISTRIBUTION, ETC. (IMPRINT)
تاريخ النشر أو التوزيع 1993
300 ## - الوصف المادى
التعداد 176
650 04 - المدخل الاضافى بالموضوع-مصطلح موضوعى
مصطلح موضوعي FABERGE, CARL
650 04 - المدخل الاضافى بالموضوع-مصطلح موضوعى
مصطلح موضوعي JEWELLERS AND GOLDSMITH
650 04 - المدخل الاضافى بالموضوع-مصطلح موضوعى
مصطلح موضوعي JEWELLERY DESIGNS
942 ## - عناصر المدخل الإضافي( كوها)
مصدر التصنيف او مخطط الترفيف Dewey Decimal Classification
Koha [default] item type كتاب
260 ## - PUBLICATION, DISTRIBUTION, ETC. (IMPRINT)
-- [S.N] :
-- THAMES AND HUDSON ،
Holdings
حالة التراجع حالة الفقد حالة تلف ليس للاعارة المكان المؤقت الموقع الحالى تاريخ الاكتساب اجمالي اﻻعارات رقم الطلب الباركود تاريخ اخر مشاهدة تاريخ تفعيل السعر نوع وعاء كوها
        مكتبة القاهرة الكبرى مكتبة القاهرة الكبرى 03/26/2014   739.27\S F 44618 03/26/2014 03/26/2014 كتاب

Powered By

EGPV